000 00787nam a2200217 a 4500
001 57192
003 BD-RjUL
005 20211209080458.0
008 161206s1982 bg ||||| |||| 00| 0 ben d
035 _a(BD-RjUL) 57316
040 _aBD-RjUL
_bben
_cBD-RjUL
041 _aben
082 _223
_a297.63
_bAHN 1982
100 _aআহমদ, মমতাজ উদদীম
_9169858
245 1 0 _aনবী পরিচয় /
_cমমতাজ উদদীন আহমদ
260 _aঢাকা :
_bবাংলা একাডেমী,
_c১৯৮২
300 _a২৭৭ পৃ. ;
_c২১ সেমি.
600 _aমুহম্মদ, হযরত (সাঃ)
_d৫৭০-৬৩২
_9169859
600 _aMuhammad, Hazarat (sm)
_9169861
942 _2ddc
_cBK
999 _c57192
_d57192